[Event "Floripa Chess Open 2024"]
[Site "Florianopolis"]
[Date "2024.01.22"]
[Round "3.130"]
[White "Martins, Joao Fernandes"]
[Black "Godinho, Bruno Cesar Ferreir"]
[Result "0-1"]
[WhiteElo "1426"]
[BlackElo "1802"]
[PlyCount "76"]
[EventDate "2024.01.20"]
[EventRounds "10"]
[EventCountry "BRA"]

1. e4 c5 2. Nf3 e6 3. d4 cxd4 4. Nxd4 a6 5. Nc3 Qc7 6. Be3 Nf6 7. f3 Bb4 8.
Nde2 d5 9. Qd3 ({RR} 9. e5 Nfd7 10. f4 b5 11. a3 Ba5 12. Qd2 Nb6 13. Nd4 Nc4
14. Bxc4 Qxc4 15. Nb3 Bxc3 16. Qxc3 Nc6 17. Qd3 Ne7 18. Nd4 Bd7 19. b3 Qc7 20.
O-O O-O 21. Rae1 Rfc8 22. Rf3 Qa5 23. b4 Qc7 {Nijboer,F (2586)-Granda Zuniga,J
(2581) Wijk aan Zee 2004 1-0 (36)}) ({RR} 9. exd5 Nxd5 10. Bd2 Nxc3 11. Bxc3
Bxc3+ 12. Nxc3 O-O 13. Qd2 Rd8 14. Bd3 Nc6 15. Qe3 Qe5 16. Qxe5 Nxe5 17. Be2
Bd7 18. O-O Bc6 19. Rfd1 Kf8 20. Kf2 Ke7 21. f4 Ng6 22. g3 e5 23. f5 Nf8 {
Tsukerman,J (1523)-Ptacnikova,L (2173) chess.com INT 2022 0-1 (52)}) 9... O-O
10. O-O-O dxe4 11. Nxe4 Nxe4 $146 ({RR} 11... Nd5 12. Bf2 Nc6 13. Bg3 Qa5 14.
Qb3 Rd8 15. Nf4 b5 16. Ne2 Qb6 17. Bf2 Qc7 18. Bg3 Qb7 19. Bf2 f5 20. N4g3 a5
21. c3 a4 22. Qc2 Be7 23. Nd4 b4 24. Nge2 bxc3 25. Nxc3 Bg5+ 26. Kb1 {Kaza,P  
(1920)-Steiri,A (2185) Greece 2001 0-1 (44)}) 12. Qxe4 Nc6 13. Nd4 f5 14. Qd3
Kh8 15. Qc4 Qe5 16. Nxc6 Qxe3+ 17. Kb1 Bc5 18. Bd3 bxc6 19. Rhe1 Qd4 20. Qb3
Qb4 21. Bc4 Qxb3 22. Bxb3 Re8 23. Ba4 Bb7 24. Rd2 Rad8 25. Rde2 Kg8 26. c3 Kf7
27. Kc1 Kf6 28. Bb3 Rd6 29. f4 Bb6 30. g3 c5 31. Bc4 a5 32. Re5 Be4 33. g4 g5
34. gxf5 Bxf5 35. fxg5+ Kxg5 36. R5e3 Bc7 37. Re5 Rdd8 38. Rxc5 Bf4+ 0-1

[Event "Floripa Chess Open 2024"]
[Site "Florianopolis"]
[Date "2024.01.22"]
[Round "3.131"]
[White "Cavalcante, Rodrigo Moreira"]
[Black "De Oliveira, Luiz Carlos"]
[Result "1-0"]
[WhiteElo "1801"]
[BlackElo "1422"]
[PlyCount "99"]
[EventDate "2024.01.20"]
[EventRounds "10"]
[EventCountry "BRA"]

1. c4 g6 2. Nc3 Nf6 3. d4 Bg7 4. e4 d6 5. Bg5 O-O 6. Qd2 c6 7. Nf3 ({RR} 7. Bd3
Na6 8. Nge2 Nc7 9. f3 Rb8 10. Be3 a5 11. h4 h5 12. O-O-O b5 13. e5 dxe5 14.
dxe5 Nd7 15. Be4 Ne6 16. Bxc6 b4 17. Bxd7 bxc3 18. Nxc3 Qc7 19. Bb5 Qxe5 20. f4
Qf5 21. Nd5 Kh7 {LCZero 0.30-dag-8092b376-BT2- (3573)-Stoofvlees II b4 (3499)
tcec-chess.com INT 2023 1-0 (65)}) 7... Qc7 $146 ({RR} 7... Qa5 8. Be2 Re8 9.
O-O Bg4 10. Rfd1 Bxf3 11. Bxf3 Nbd7 12. a3 Qc7 13. Re1 a6 14. Na4 e5 15. d5 c5
16. b4 b6 17. bxc5 bxc5 18. Reb1 Reb8 19. Qc2 h6 20. Bd2 Bf8 21. Qc1 Kh7 {
1/2-1/2 (21) Khonji,A-Lepine,R Thessaloniki 1984}) ({RR} 7... a6 8. Bd3 Qc7 9.
O-O Nbd7 10. a3 b5 11. cxb5 axb5 12. Rac1 Qb6 13. h3 e5 14. dxe5 Nxe5 15. Nxe5
dxe5 16. Be3 Qa5 17. Bc5 Rd8 18. Qe3 Be6 19. Rfd1 Rd7 20. Bb1 Rxd1+ 21. Rxd1
Rd8 22. Rd6 {Drexel,M (2195)-Eckerl,U (2202) Bayern 2005 1/2-1/2 (54)}) 8. Be2
Re8 9. O-O Nfd7 10. Rfe1 a6 11. a4 e5 12. d5 c5 13. Bd3 Nb6 14. h3 Bd7 15. a5
Nc8 16. Na4 f6 17. Bh4 Rf8 18. b4 b6 19. axb6 Nxb6 20. Nxb6 Qxb6 21. bxc5 Qxc5
22. Ra5 Qc8 23. Qb4 g5 24. Bg3 Rd8 25. Qxd6 Bxh3 26. Qb4 Bg4 27. c5 Bxf3 28.
gxf3 Bf8 29. Rb1 Kg7 30. Qb7+ Qxb7 31. Rxb7+ Kg6 32. Bf1 Nd7 33. Bh3 Rab8 34.
Rxd7 Rxd7 35. Bxd7 Rb7 36. c6 Ra7 37. Bc8 Bb4 38. Rxa6 Rxa6 39. Bxa6 Bd6 40.
Bc8 h5 41. Bh2 h4 42. f4 exf4 43. f3 Kf7 44. Kg2 Ke8 45. Bg1 Kd8 46. Bf5 Be5
47. Bb6+ Bc7 48. Bxc7+ Kxc7 49. Kf2 Kd8 50. d6 1-0

[Event "Floripa Chess Open 2024"]
[Site "Florianopolis"]
[Date "2024.01.22"]
[Round "3.132"]
[White "Zottis, Pietro"]
[Black "Zabala, Antonio Murara"]
[Result "1-0"]
[WhiteElo "1418"]
[BlackElo "1797"]
[PlyCount "65"]
[EventDate "2024.01.20"]
[EventRounds "10"]
[EventCountry "BRA"]

1. d4 Nf6 2. c4 g6 3. Nc3 d5 4. cxd5 Nxd5 5. e4 Nxc3 6. bxc3 Bg7 7. Nf3 c5 8.
Be3 O-O 9. Be2 Nc6 10. O-O Qa5 11. Qb3 cxd4 ({RR} 11... b6 12. e5 Ba6 13. Bxa6
Qxa6 14. Ng5 Rad8 15. e6 cxd4 16. exf7+ Kh8 17. cxd4 Nxd4 18. Bxd4 Rxd4 19. Ne6
Rd3 20. Qc2 Rxf7 21. Rad1 Rxd1 22. Rxd1 Bf8 23. Rd8 Kg8 24. Qc3 Qe2 25. Qg7+
Rxg7 26. Rxf8# {Ai,E (2199)-Winkels,M (1920) chess.com INT 2023 1-0}) 12. cxd4
e6 ({RR} 12... Qb4 13. Qxb4 Nxb4 14. Rfc1 b6 15. a3 Ba6 16. Kf1 Bxe2+ 17. Kxe2
Na6 18. Rc2 Rfc8 19. Rac1 Rxc2+ 20. Rxc2 Kf8 21. h4 h5 22. Ng5 Ke8 23. e5 Bh6
24. Nh3 Bxe3 25. Kxe3 Kd7 26. Nf4 e6 27. f3 {Gonzalez Garcia,J (2498)-Jerez
Perez,A (2406) Barcelona 2017 1/2-1/2 (33)}) 13. d5 $146 ({RR} 13. Rac1 Qb4 14.
Qc4 Bd7 15. Rfd1 {1/2-1/2 (15) Wozniak,K (1595)-Garbowski,J (1572) Gdansk 2012}
) 13... exd5 14. exd5 Ne7 15. Rad1 b6 16. d6 Nc6 17. d7 Bb7 18. Bc4 Qf5 19.
Rfe1 Na5 20. Qd3 Qh5 21. Ng5 Bf6 22. Nxf7 Rxf7 23. Bxf7+ Kxf7 24. Bd4 Qg4 25.
f3 Qxd7 26. Bxf6 Qxd3 27. Rxd3 Kxf6 28. Rd6+ Kg5 29. Re7 h5 30. Kf2 Bc8 31. Rh7
Bf5 32. g3 Rc8 33. h4# 1-0

[Event "Floripa Chess Open 2024"]
[Site "Florianopolis"]
[Date "2024.01.22"]
[Round "3.134"]
[White "Santos, Humberto Robson"]
[Black "Silva, Ezequiel Demetras"]
[Result "0-1"]
[WhiteElo "1322"]
[BlackElo "1793"]
[PlyCount "82"]
[EventDate "2024.01.20"]
[EventRounds "10"]
[EventCountry "BRA"]

1. d4 d5 2. Nc3 Nf6 3. Bg5 Bf5 4. e3 c6 5. Bd3 Bg6 ({RR} 5... Bxd3 6. Qxd3 Nbd7
7. Nge2 e6 8. f3 Be7 9. O-O-O Qa5 10. Kb1 O-O-O 11. h4 Kb8 12. h5 h6 13. Bf4+
Ka8 14. g4 Nb6 15. Nc1 Nc4 16. Nb3 {1/2-1/2 (16) Ortega,L (2440)-Knezevic,M  
(2425) Havana 1986}) 6. Nge2 ({RR} 6. Nf3 Nbd7 7. O-O Qc7 8. Bf4 Qb6 9. a3 e6
10. b4 Be7 11. Na4 Qd8 12. Nc5 Bxd3 13. Qxd3 b6 14. Na6 O-O 15. c4 Rc8 16. Rfc1
c5 17. Bg3 cxd4 18. Nxd4 dxc4 19. Rxc4 Rxc4 20. Qxc4 Qa8 {Terry,R (2520)-Bilan,
D (2303) chess.com INT 2023 1-0}) 6... Nbd7 7. Nf4 e5 $146 ({RR} 7... e6 8. h4
Qa5 9. h5 Bxd3 10. cxd3 h6 11. Bh4 Be7 12. a3 Qd8 13. Bg3 O-O 14. O-O Ne8 15.
Rc1 a5 16. Re1 Qb6 17. Na4 Qa7 18. Qg4 Nef6 19. Qh3 Kh8 20. Rc2 Rfe8 21. Rec1
Rac8 22. Nc5 {Rossetto,H-Bielicki,C Buenos Aires 1965 1-0 (79)}) ({RR} 7... Qb6
8. Nxg6 hxg6 9. Qd2 O-O-O 10. Na4 Qc7 11. Bf4 e5 12. dxe5 Nxe5 13. Bxe5 Qxe5
14. Qa5 Qb8 15. O-O-O Bd6 16. h3 Rh4 17. Nc5 b6 18. Qa6+ Kc7 19. g3 Rhh8 20.
Nb3 Qb7 21. Qxb7+ Kxb7 22. Nd2 {[%emt 0:00:02] Kotsiuba,V-Zvorykina,K (2245)
Ozery 1997 1/2-1/}) 8. Nxg6 hxg6 9. dxe5 Nxe5 10. Be2 Qc7 11. Bf4 Bd6 12. h3
Rd8 13. Bg5 Rc8 14. Bxf6 gxf6 15. Qd4 Qa5 16. a3 Qc5 17. O-O-O Qxd4 18. exd4
Nd7 19. Rhe1 O-O 20. g3 Kg7 21. h4 Rce8 22. h5 Rh8 23. hxg6 fxg6 24. Rh1 Rxh1
25. Rxh1 Nf8 26. Kd2 Ne6 27. Kd3 Bc7 28. Nd1 Nxd4 29. Kxd4 Rxe2 30. Kd3 Re8 31.
Ne3 Bb6 32. Rh2 Bxe3 33. fxe3 Rh8 34. Rg2 Kf7 35. Kd4 b6 36. b4 Ke6 37. c3 Rh1
38. c4 Rd1+ 39. Kc3 Rc1+ 40. Rc2 Rxc2+ 41. Kxc2 dxc4 0-1

[Event "Floripa Chess Open 2024"]
[Site "Florianopolis"]
[Date "2024.01.22"]
[Round "3.135"]
[White "Silva, Gabryel Lunardi Car"]
[Black "Cabral, Vivian De Paiva"]
[Result "1-0"]
[WhiteElo "1790"]
[BlackElo "1358"]
[PlyCount "71"]
[EventDate "2024.01.20"]
[EventRounds "10"]
[EventCountry "BRA"]

1. e4 c5 2. Nf3 Nc6 3. d4 cxd4 4. Nxd4 Nf6 5. Nc3 e6 6. Nxc6 bxc6 7. e5 Bb4
$146 ({RR} 7... Ng8 8. Bd3 Qa5 9. Qe2 Ne7 10. O-O Ng6 11. f4 Be7 12. Bd2 O-O
13. Kh1 Qc7 14. Ne4 d5 15. exd6 Bxd6 16. Qh5 Be7 17. Rf3 h6 18. Ng5 Bxg5 19.
fxg5 Kh7 20. gxh6 Rh8 21. Bf4 Qe7 22. Bg5 {Groen,S-Schwencke,G Netherlands
1927 1-0}) ({RR} 7... Ng8 8. Bd3 Bc5 9. Qg4 g6 10. O-O Ne7 11. Bg5 d5 12. exd6
Bxd6 13. Bf6 h5 14. Qg5 Rh7 15. Ne4 Qc7 16. Nxd6+ Qxd6 17. Rad1 Qc7 18. Be5 Qb7
19. Bd6 f5 20. Rfe1 Nd5 21. c4 Nb4 22. Bxf5 {Rosa,G (1883)-Roeder,L (1209)
Florianópolis - Santa Catari 2023 1-0}) ({RR} 7... Ng8 8. Bd3 Bb4 9. Bd2 Bxc3
10. Bxc3 Ne7 11. O-O Nd5 12. Qg4 O-O 13. Qe4 f5 14. exf6 g6 15. Bd2 Qxf6 16. c4
Qxb2 17. cxd5 Qxd2 18. dxe6 dxe6 19. Bc4 Qf4 20. Qxc6 Rb8 21. Bxe6+ Bxe6 22.
Qxe6+ {Wolf,S-Igel,F Vienna 1928 1/2-1/2 (42)}) 8. exf6 Qxf6 9. Bd2 d5 10. g3
Rb8 11. Qe2 O-O 12. Bg2 Bc5 13. O-O Qg6 14. Bc1 Re8 15. b3 e5 16. Bb2 Bg4 17.
Qd2 h5 18. Na4 Bf8 19. Rfe1 Qd6 20. c4 d4 21. c5 Qf6 22. f4 Rbd8 23. fxe5 Rxe5
24. Rxe5 Qxe5 25. Re1 Qf5 26. Be4 Qd7 27. b4 Be7 28. Qd3 Bg5 29. Bc1 Bf6 30.
Nb2 h4 31. Nc4 g6 32. Na5 Rc8 33. Nc4 Be7 34. Bxg6 fxg6 35. Qxg6+ Kh8 36. Ne5
1-0

[Event "Floripa Chess Open 2024"]
[Site "Florianopolis"]
[Date "2024.01.22"]
[Round "3.136"]
[White "Rigo, Joanir Fernando"]
[Black "Nakata, Thifanni Harumi"]
[Result "1/2-1/2"]
[WhiteElo "1302"]
[BlackElo "1785"]
[PlyCount "71"]
[EventDate "2024.01.20"]
[EventRounds "10"]
[EventCountry "BRA"]

1. d4 d5 2. c4 e6 3. Nc3 Be7 4. Nf3 Nf6 5. Bg5 O-O 6. e3 h6 7. Bh4 Nbd7 8. Bd3
c5 9. Bg3 $146 ({RR} 9. O-O dxc4 10. Bxc4 a6 11. a4 cxd4 12. exd4 Nb6 13. Ba2
Nbd5 14. Re1 Nb4 15. Bb3 Bd7 16. Ne5 Bc6 17. Qd2 Bd5 18. Nxd5 Nbxd5 19. Qd3 Rc8
20. Rad1 Qc7 21. Qe2 Bd6 22. Bg3 Rfe8 23. f4 Qb6 {Kotov,A-Pirc,V Saltsjobaden
1948 1-0 (41)}) ({RR} 9. O-O b6 10. cxd5 Nxd5 11. Bxe7 Nxe7 12. Rc1 cxd4 13.
Nxd4 e5 14. Nf3 Bb7 15. Bb5 Bxf3 16. Qxf3 a6 17. Be2 Nf6 18. Rfd1 Qb8 19. Ne4
Nxe4 20. Qxe4 Ra7 21. Rc2 f5 22. Qb4 Rd8 23. Rxd8+ Qxd8 {Tkachiev,V (2657)
-Zvjaginsev,V (2635) Dagomys 2009 1-0 (41)}) ({RR} 9. O-O b6 10. cxd5 Nxd5 11.
Bg3 Bb7 12. Nxd5 exd5 13. Rc1 Nf6 14. Ne5 a5 15. Bb1 Rc8 16. Qd3 Qe8 17. Bf4
Bc6 18. Ng4 Ne4 19. dxc5 f5 20. Ne5 Nxc5 21. Qd1 Bb7 22. Nf3 Ne6 23. Rxc8 Qxc8
{Pavlidou,E (2191)-Iordanidou,Z (2152) Peristeri 2011 1/2-1/2 (47)}) ({RR} 9.
O-O dxc4 10. Bxc4 a6 11. Qe2 b5 12. Bb3 Bb7 13. Rfd1 Ne4 14. Nxe4 Bxe4 15. dxc5
Bxh4 16. Ne5 Qg5 17. f4 Qxg2+ 18. Qxg2 Bxg2 19. Nxd7 Bf3 20. Nxf8 Bxd1 21. Rxd1
Kxf8 22. Bc2 Rc8 23. b4 a5 {Berriman,G-Nyren,B Birmingham 1951 1/2-1/2 (33)})
9... cxd4 10. exd4 dxc4 11. Bxc4 Nb6 12. Bb3 Nbd5 13. Rc1 b6 14. O-O Bb7 15.
Re1 Bb4 16. Nxd5 Bxd5 17. Bc7 Qe7 18. Rf1 Rac8 19. Bxd5 Nxd5 20. Be5 Qd7 21.
Qd3 Rxc1 22. Rxc1 Rc8 23. Rc2 Rc6 24. h3 Rxc2 25. Qxc2 b5 26. a3 Bf8 27. Nd2 f6
28. Bg3 Nb6 29. Nb3 Bd6 30. Nc5 Qc7 31. Qe4 Bxg3 32. Qxe6+ Kf8 33. fxg3 Qxg3
34. d5 Qe5 35. Nd7+ Nxd7 36. Qxd7 1/2-1/2

[Event "Floripa Chess Open 2024"]
[Site "Florianopolis"]
[Date "2024.01.22"]
[Round "3.137"]
[White "Pavao, Fabio Biasi"]
[Black "Ferreira De Souza, Ricardo"]
[Result "1-0"]
[WhiteElo "1783"]
[BlackElo "1329"]
[PlyCount "55"]
[EventDate "2024.01.20"]
[EventRounds "10"]
[EventCountry "BRA"]

1. c4 Nf6 2. g3 g6 3. Bg2 Bg7 4. Nc3 O-O 5. e3 Nc6 6. Nge2 d6 7. d4 Re8 8. O-O
e5 9. b3 ({RR} 9. h3 exd4 10. exd4 Bf5 11. g4 Bd7 12. Bf4 h5 13. g5 Nh7 14. Qd2
Ne7 15. Ng3 h4 16. Nge4 Nf5 17. Ne2 Bc6 18. d5 Bd7 19. Rfe1 b6 20. Rac1 a5 21.
b3 Re7 22. N2c3 Nd4 23. Be3 Nf5 {Timofeev,A (2589)-Petrosian,T (2598) St
Petersburg RUS 2018 1/2-1/2 (77)}) ({RR} 9. h3 Bd7 10. b3 h5 11. d5 Ne7 12. e4
Nh7 13. Kh2 Kh8 14. Be3 Rf8 15. Qd2 Ng8 16. f4 exf4 17. Rxf4 Be5 18. Rf2 h4 19.
Bf4 hxg3+ 20. Bxg3 Bg7 21. Raf1 Ngf6 22. Bf4 Nh5 23. Bh6 Qe7 {Jyothsna,L (1940)
-Poorna,S (1821) Jamshedpur IND 2023 1/2-1/2 (32)}) 9... Bg4 10. h3 $146 ({RR} 
10. d5 Ne7 11. f3 Bd7 12. e4 Rf8 13. Be3 Ne8 14. Qd2 f5 15. Bh6 Nf6 16. Bxg7
Kxg7 17. f4 exf4 18. Nxf4 Kg8 19. Rae1 Ng4 20. h3 Ne5 21. Nce2 fxe4 22. Nd4 Nf5
23. Nfe6 Bxe6 24. Nxe6 Qe7 {Krsnik Cohar,I (2046)-Petrusic,T (2262) Durdevac
2013 1/2-1/2 (57)}) ({RR} 10. Bb2 exd4 11. f3 dxc3 12. Nxc3 Bf5 13. Re1 Be6 14.
Qd2 d5 15. cxd5 Nxd5 16. Nxd5 Bxb2 17. Qxb2 Qxd5 18. Red1 Qe5 19. Qd2 Rad8 20.
Qe2 Rxd1+ 21. Rxd1 Rd8 22. Rc1 Nd4 23. Qf2 Nc6 24. f4 Qb5 {Purim,K (1181)
-Kannenberg,B Florianopolis SC 2020 0-1 (49)}) 10... Bd7 11. Bb2 e4 12. a3 Qc8
13. Kh2 h5 14. Qc2 Bf5 15. Nf4 Nxd4 16. exd4 e3 17. Qe2 Ne4 18. Nxe4 Bxe4 19.
fxe3 Bxg2 20. Kxg2 Re4 21. Qf2 Qd7 22. Rae1 Rae8 23. Kh2 Bh6 24. d5 b5 25. Bd4
a6 26. cxb5 Qxb5 27. Nxh5 Qxd5 28. Nf6+ 1-0

[Event "Floripa Chess Open 2024"]
[Site "Florianopolis"]
[Date "2024.01.22"]
[Round "3.138"]
[White "Branco, Joao Pedro Belaglov"]
[Black "Tischler Lema Garcia, Maria Eduarda"]
[Result "1-0"]
[WhiteElo "1778"]
[BlackElo "1299"]
[PlyCount "77"]
[EventDate "2024.01.20"]
[EventRounds "10"]
[EventCountry "BRA"]

1. e3 d5 2. c4 e6 3. Nc3 Nf6 4. d4 Be7 5. Nf3 O-O 6. Bd3 b6 7. e4 ({RR} 7. cxd5
Nxd5 8. e4 Nb4 9. Bb1 c5 10. a3 cxd4 11. Nxd4 N4c6 12. Be3 Bf6 13. Nde2 Ba6 14.
Qxd8 Rxd8 15. f4 Nd7 16. e5 Be7 17. b4 Bc4 18. Be4 Rac8 19. Kf2 f5 20. Bf3 g5
21. g3 gxf4 {Nakamura,H (2780)-Yu Yangyi (2720) chess.com INT 2023 1-0 (59)})
7... dxe4 8. Nxe4 Bb7 9. Ng3 $146 ({RR} 9. Nxf6+ Bxf6 10. Be3 c5 11. dxc5 Bxb2
12. Rb1 Bc3+ 13. Ke2 Bxf3+ 14. gxf3 Bd4 15. Bxd4 Qxd4 16. Bxh7+ Kxh7 17. Qxd4 {
1-0 (17) Berger,T (1446)-Nussbaumer,L (1248) Vienna 2008}) ({RR} 9. Qe2 Nxe4
10. Bxe4 Bxe4 11. Qxe4 Nd7 12. O-O Nf6 13. Qc6 Qd6 14. Qxd6 Bxd6 15. Bg5 Ne4
16. Be3 c5 17. Rad1 Rfd8 18. Rfe1 h6 19. h3 Rac8 20. d5 exd5 21. Rxd5 Nf6 22.
Rd2 Bc7 23. Red1 Re8 {D'Arruda,R (2271)-Qiao,C (1785) chess.com INT 2023 0-1  
(95)}) ({RR} 9. Qc2 Bb4+ 10. Bd2 Bxd2+ 11. Nexd2 Nbd7 12. O-O c5 13. dxc5 Nxc5
14. Be2 Qe7 15. Rfe1 Nfe4 16. b4 Nxd2 17. Nxd2 Nd7 18. Bd3 Nf6 19. Qb2 Rfd8 20.
Re3 Rd7 21. Rg3 g6 22. Re1 Rad8 23. Qc3 Nh5 {Wilhelms,D (2158)-Rosa,J (1568)
Goiania 2014 1-0 (44)}) 9... Nbd7 10. O-O c5 11. Be2 cxd4 12. Qxd4 Nc5 13. b3
Qxd4 14. Nxd4 Rfd8 15. Bb2 Nfe4 16. Rad1 Nxg3 17. hxg3 Bf6 18. Ba1 Rd7 19. Nb5
Bxa1 20. Rxd7 Nxd7 21. Rxa1 Nc5 22. Rd1 Ne4 23. Bf3 a6 24. Bxe4 Bxe4 25. Nc7
Rc8 26. Nxa6 h6 27. Nb4 Rc5 28. f3 Bg6 29. Rd8+ Kh7 30. Rb8 Re5 31. Rxb6 Re2
32. c5 Re1+ 33. Kf2 Rc1 34. c6 f6 35. a4 Be8 36. a5 Rc5 37. a6 Ra5 38. c7 Bd7
39. Rd6 1-0

[Event "Floripa Chess Open 2024"]
[Site "Florianopolis"]
[Date "2024.01.22"]
[Round "3.139"]
[White "Biazon, Natalia De Oliveira"]
[Black "Da Cruz, Karoliny Taiane"]
[Result "0-1"]
[WhiteElo "1250"]
[BlackElo "1774"]
[PlyCount "140"]
[EventDate "2024.01.20"]
[EventRounds "10"]
[EventCountry "BRA"]

1. d4 Nf6 2. Bf4 d5 3. e3 e6 4. Nf3 c5 5. c3 Nc6 6. Nbd2 Qb6 7. Qc2 Be7 8. Be2
({RR} 8. Bd3 O-O 9. O-O Bd7 10. Ne5 h6 11. Qb3 c4 12. Qxb6 axb6 13. Bc2 b5 14.
a3 Be8 15. h3 Nd7 16. Nxd7 Bxd7 17. e4 Bg5 18. Bxg5 hxg5 19. f4 gxf4 20. Rxf4
b4 21. exd5 exd5 22. Bf5 bxc3 {Mirzoev,A (2482)-Michel Coto,M (2348) chess.com
INT 2022 1-0 (55)}) ({RR} 8. Ne5 O-O 9. Bd3 h6 10. O-O c4 11. Be2 Nxe5 12. dxe5
Nd7 13. e4 Bg5 14. Bxg5 hxg5 15. exd5 exd5 16. Nf3 Qh6 17. Qf5 g4 18. Nd4 Nf6
19. Qc2 Ne4 20. Bxc4 Ng5 21. Bd3 Qh5 22. Be2 Re8 {Novikova,M (1995)-Albertini,
L (2103) chess.com INT 2023 1-0 (50)}) 8... Bd7 9. O-O O-O 10. Rfd1 $146 ({RR} 
10. dxc5 Bxc5 11. Nb3 Be7 12. Nbd4 Rac8 13. Qb3 Qxb3 14. axb3 a6 15. b4 Nxd4
16. Nxd4 Bd8 17. b5 a5 18. Nb3 b6 19. Bd6 Re8 20. Nd4 Ne4 21. Ba3 Nd2 22. Rfd1
Nc4 23. Bg4 Nxa3 24. Rxa3 Rc4 {Arribas Viera,D (1875)-Mundet Riera,J (2010)
Girona 2014 1-0 (62)}) ({RR} 10. Ne5 Be8 11. Nxc6 Bxc6 12. Nf3 Rac8 13. Ne5 Bb5
14. Bxb5 Qxb5 15. h3 Rfd8 16. Nf3 Ne4 17. Nd2 Qe2 18. Qd1 Qxd2 {0-1 (18) Zachi,
F (1621)-Gerbelli Neto,E (2186) Sao Bernardo 2010}) 10... Rac8 11. Qb3 c4 12.
Qxb6 axb6 13. Ne5 Rfd8 14. a3 b5 15. h3 Ra8 16. Nxc6 Bxc6 17. Nf3 Ra6 18. Ne1
Nd7 19. Nc2 Rc8 20. Rdc1 Nb6 21. Nb4 Rca8 22. Bf3 Be8 23. e4 dxe4 24. Bxe4 Bc6
25. Re1 Bxb4 26. Bxc6 Bxc3 27. Bxb7 Bxe1 28. Bxa8 Bxf2+ 29. Kxf2 Rxa8 30. Bd6
Nd5 31. Rc1 h6 32. Kf3 Rd8 33. Bc5 Rd7 34. Re1 Nc7 35. Re5 Rd5 36. Kf4 f6 37.
Rxd5 exd5 38. g4 Kf7 39. h4 Ne6+ 40. Ke3 g6 41. Bd6 h5 42. gxh5 gxh5 43. Bg3
Kg6 44. Bf2 Kf5 45. Kf3 Nf4 46. Be1 Nd3 47. Bc3 Nf4 48. Be1 Ng6 49. Bf2 Ke6 50.
Ke3 Ne7 51. Ke2 Nc8 52. Ke3 Nb6 53. Be1 Nc8 54. Bg3 Na7 55. Bf2 Nc6 56. Be1 Kf5
57. Bc3 Kg4 58. Be1 f5 59. Bf2 f4+ 60. Ke2 Ne7 61. Be1 Nf5 62. Bf2 f3+ 63. Ke1
Nxh4 64. Kf1 Nf5 65. Kg1 Nd6 66. Kh2 Ne4 67. Kg1 Nxf2 68. Kxf2 h4 69. Kg1 Kg3
70. Kf1 f2 0-1

[Event "Floripa Chess Open 2024"]
[Site "Florianopolis"]
[Date "2024.01.22"]
[Round "3.141"]
[White "Baratieri, Maria Vitoria"]
[Black "Mariot Vaz, Joao Antonio Bertol"]
[Result "0-1"]
[WhiteElo "1152"]
[BlackElo "1772"]
[PlyCount "72"]
[EventDate "2024.01.20"]
[EventRounds "10"]
[EventCountry "BRA"]

1. d4 Nf6 2. c4 c5 3. e3 g6 4. Nf3 Bg7 5. g3 O-O 6. Bg2 cxd4 7. exd4 d5 8. cxd5
Nxd5 9. O-O Nc6 10. Nc3 Nxc3 $146 ({RR} 10... Bg4 11. h3 Be6 12. Nxd5 Bxd5 13.
Be3 Qb6 14. b3 Rfd8 15. Qd2 Bxf3 16. Bxf3 Nxd4 17. Bxd4 Bxd4 18. Rad1 Qc7 19.
Kg2 Rd6 20. Qb4 Bb6 21. Rc1 Qd7 22. Qe4 Rd8 23. Rc2 Rd4 24. Qe5 Re8 25. Bg4 {
Pozza,T (1930)-Nery,J (1992) Sindilegis 2009 0-1}) ({RR} 10... Nb6 11. Be3 Bg4
12. Ne2 Qd7 13. Qd2 Nc4 14. Qc3 Nd6 15. Rad1 Rac8 16. Qd2 Nc4 17. Qc3 b5 18. b3
Nb6 19. Qd2 Rfd8 20. Rfe1 Nd5 21. Bh6 Bh8 22. Nf4 Nxf4 23. Qxf4 Bxf3 24. Bxf3
Nxd4 25. Bg2 {Ioannides Liu,A (1302)-Dornbusch,T (2239) Sliema MLT 2021 0-1  
(41)}) ({RR} 10... Nb6 11. Be3 Bg4 12. h3 Bf5 13. g4 Be6 14. b3 Rc8 15. Rc1 Nd5
16. Nxd5 Bxd5 17. Qd2 Qd6 18. Rfd1 Rfd8 19. Qb2 Bxf3 20. Bxf3 Nxd4 21. Bxd4
Rxc1 22. Qxc1 Bxd4 23. Qc2 Qg3+ {0-1 (23) Gonzalez Haro,E-Gomez Polo,V Malaga
1982}) 11. bxc3 Be6 12. Bf4 Bd5 13. Qd2 Rc8 14. Rfe1 Na5 15. Be5 Nc4 16. Qc2
Nxe5 17. Nxe5 Bxg2 18. Kxg2 Qxd4 19. cxd4 Rxc2 20. Nf3 e6 21. Rec1 Rfc8 22.
Rcb1 b6 23. Rd1 Bf6 24. a4 R8c4 25. a5 b5 26. Rab1 a6 27. Ra1 Rb4 28. Ne5 Bxe5
29. dxe5 Rbb2 30. Rd8+ Kg7 31. Rf1 Ra2 32. Ra8 Rxa5 33. Rd1 Raa2 34. Rf1 b4 35.
Rb8 a5 36. Rb5 Rcb2 0-1

[Event "Floripa Chess Open 2024"]
[Site "Florianopolis"]
[Date "2024.01.22"]
[Round "3.142"]
[White "Pereira, Thiago Henrique"]
[Black "Vieira, Igor Do Nascimento"]
[Result "1/2-1/2"]
[WhiteElo "1772"]
[BlackElo "1280"]
[PlyCount "59"]
[EventDate "2024.01.20"]
[EventRounds "10"]
[EventCountry "BRA"]

1. e4 Nf6 2. Nc3 d5 3. exd5 Nxd5 4. Bc4 Nb6 5. Bb3 Nc6 6. Nf3 Bf5 7. O-O e6 8.
d4 Na5 9. Re1 ({RR} 9. Qe2 c6 10. h3 Be7 11. Ne4 O-O 12. Re1 Nxb3 13. axb3 h6
14. c4 Re8 15. Bd2 Nd7 16. Ba5 Qb8 17. Bc3 Qc7 18. b4 b6 19. Ng3 Bg6 20. Ra6
Qb7 21. Rea1 Nb8 22. R6a2 Nd7 23. Nd2 Bf8 {Antonio,R (2519)-Gonzales,J (2468)
Dapitan 2009 1-0 (46)}) ({RR} 9. Na4 Nxb3 10. axb3 Be7 11. Ne5 Nxa4 12. Rxa4
O-O 13. Qf3 c6 14. c3 Bc2 15. Qg3 Bxb3 16. Ra1 Bc2 17. f4 g6 18. Qf2 Be4 19.
Re1 Bd5 20. Bd2 f6 21. Ng4 c5 22. dxc5 a5 23. Be3 h5 {Gimenez Aguirre,A (2148)
-Andreassen,L (2168) chess.com INT 2023 1-0 (42)}) 9... c6 $146 ({RR} 9... Be7
10. Ne2 Nxb3 11. axb3 O-O 12. Ng3 Bg6 13. Ne5 Nd7 14. Nxg6 hxg6 15. Qf3 c6 16.
c3 Nf6 17. Bg5 Qd5 18. Bxf6 Qxf3 19. gxf3 gxf6 20. b4 f5 21. Nf1 Kg7 22. Ne3
Rh8 23. Nc4 b6 24. Ra6 {Kim,N (1858)-Hobbs,R (1700) Banff CAN 2022 1-0 (62)}) (
{RR} 9... Be7) 10. Bf4 Nxb3 11. cxb3 Bd6 12. Be5 O-O 13. h3 Bxe5 14. Nxe5 Qe7
15. Qe2 Rfd8 16. Rad1 Qb4 17. Qe3 Nd5 18. Qg3 Qd6 19. Ne4 Bxe4 20. Rxe4 Nf6 21.
Re3 Nd5 22. Rf3 f6 23. Ng4 Qxg3 24. Rxg3 Kf7 25. Nh2 Nf4 26. Kf1 c5 27. Rf3 e5
28. g3 Nxh3 29. d5 Ng5 30. Rfd3 1/2-1/2

[Event "Floripa Chess Open 2024"]
[Site "Florianopolis"]
[Date "2024.01.22"]
[Round "3.143"]
[White "Calcada, Lucas Galvan"]
[Black "De Souza, Felipe De Deus"]
[Result "1-0"]
[WhiteElo "1770"]
[BlackElo "1276"]
[PlyCount "59"]
[EventDate "2024.01.20"]
[EventRounds "10"]
[EventCountry "BRA"]

1. Nf3 d5 2. c4 d4 3. e3 Nc6 4. exd4 Nxd4 5. Nxd4 Qxd4 6. d3 Nh6 7. Nc3 ({RR} 
7. Be2 e5 8. Nc3 c6 9. Be3 Qd6 10. d4 Nf5 11. d5 Nxe3 12. fxe3 Qh6 13. Qd3 Bc5
14. Bf3 O-O 15. e4 f5 16. exf5 Bxf5 17. Be4 Bg4 18. Nd1 Bd4 19. Qd2 Qf6 20. Qd3
Qh6 21. Qd2 Rf4 {Calcada,L (1638)-Rodi,L (2295) Florianopolis BRA 2023 0-1 (33)
}) 7... Nf5 ({RR} 7... c6 8. Be3 Qd8 9. d4 Nf5 10. Qd2 g6 11. Be2 Bg7 12. Rd1
O-O 13. O-O Nxe3 14. Qxe3 Re8 15. d5 cxd5 16. Rxd5 Qb6 17. Qxb6 axb6 18. Ra1
Be6 19. Rb5 Bd4 20. Nd5 Bxd5 21. cxd5 Rec8 22. Rd1 {Ramirez,A (2588)
-Tomashevsky,E (2706) Tromsoe 2013 1/2-1/2}) 8. Be2 e5 ({RR} 8... c6 9. g4 Nh4
10. Be3 Ng2+ 11. Kd2 Nxe3 12. fxe3 Qd6 13. Kc2 g6 14. Qf1 Bg7 15. Rd1 Be6 16.
Qf4 Qb4 17. a3 Qa5 18. d4 Rd8 19. h4 h5 {0-1 (19) Zochowski,K (2262)-Sarana,A 
(2668) chess.com INT 2023}) 9. O-O g6 $146 ({RR} 9... Be7 10. g4 Nh4 11. Nd5
Bd8 12. Rb1 Qc5 13. Be3 Qd6 14. d4 e4 15. Bf4 Qg6 16. Bxc7 Bxg4 17. Bxg4 h5 18.
Bg3 hxg4 19. Bxh4 Rxh4 20. Qa4+ Kf8 21. Qa3+ Kg8 22. Ne7+ Bxe7 23. Qxe7 Qh6 24.
Qxe4 {Miklas,M (2075)-Motycakova,M (2113) Slovakia 2017 0-1}) 10. Nd5 Bd6 11.
Be3 Qh4 12. g3 Qd8 13. Qd2 Nxe3 14. fxe3 f5 15. Qc3 Be6 16. Nf4 Qe7 17. c5 Bxc5
18. Qxe5 Kd7 19. Rac1 Bd6 20. Qb5+ Kc8 21. Bf3 Rb8 22. Nxe6 Qxe6 23. e4 fxe4
24. Bxe4 Qxa2 25. Bd5 a6 26. Rxc7+ Bxc7 27. Qc5 Qa4 28. Be6+ Kd8 29. Qd5+ Ke8
30. Bf7+ 1-0